LEADER 03080oam 2200709I 450 001 9910452502303321 005 20200520144314.0 010 $a0-203-14240-3 010 $a1-283-88542-5 010 $a1-136-49825-7 024 7 $a10.4324/9780203142400 035 $a(CKB)2550000000710311 035 $a(EBL)1099116 035 $a(OCoLC)823389199 035 $a(SSID)ssj0000810823 035 $a(PQKBManifestationID)11502182 035 $a(PQKBTitleCode)TC0000810823 035 $a(PQKBWorkID)10833490 035 $a(PQKB)10464373 035 $a(MiAaPQ)EBC1099116 035 $a(Au-PeEL)EBL1099116 035 $a(CaPaEBR)ebr10638918 035 $a(CaONFJC)MIL419792 035 $a(OCoLC)822993836 035 $a(EXLCZ)992550000000710311 100 $a20180706e20111922 uy 0 101 0 $aeng 135 $aur|n|---||||| 181 $ctxt 182 $cc 183 $acr 200 14$aThe economics of unemployment /$fJ.A. Hobson 210 1$aAbingdon, Oxon ;$aNew York :$cRoutledge,$d2011. 215 $a1 online resource (158 p.) 225 1 $aRoutledge revivals 225 0$aRoutledge revivals 300 $a"First published in 1922 by George Allen & Unwin Ltd"--T.p. verso. 311 $a0-415-69639-9 311 $a0-415-69613-5 320 $aIncludes bibliographical references. 327 $aFront Cover; The Economics of Unemoloyment; Copyright Page; Preface; Contents; Chapter I. A Limited Market; Chapter II. The Failure of Consumption; Chapter III. The Balance of Spending and Saving; Chapter IV. The Psychology of Trade Fluctuations; Chapter V. Surplus Income the Cause of Fluctuations; Chapter VI. Wage Reduction as Remedy for Depression; Chapter VII. Credit as a Factor in Fluctuations; Chapter VIII. The Douglas Theory; Chapter IX. Replies to Criticism; Chapter X. A Summary; Appendix 330 $aFirst published in 1922, Hobson's study of the depression and resulting unemployment in the aftermath of the First World War is a far-sighted analysis which looks beyond the consequences of the war itself, at the root economic causes of the crisis. Dealing with issues such as the failure of consumption, trade fluctuations, the balance of spending and saving, and spiralling credit as factors which lay at the root of the depression, Hobson's study is a document of considerable economic, social and historical value, which still has much to teach the modern reader, whether interested lay 410 0$aRoutledge Revivals 606 $aConsumption (Economics) 606 $aEconomic history 606 $aUnemployed 606 $aIncome 608 $aElectronic books. 615 0$aConsumption (Economics) 615 0$aEconomic history. 615 0$aUnemployed. 615 0$aIncome. 676 $a331.13/7 676 $a331.137 700 $aHobson$b J. A$g(John Atkinson),$f1858-1940.,$0865671 801 0$bMiAaPQ 801 1$bMiAaPQ 801 2$bMiAaPQ 906 $aBOOK 912 $a9910452502303321 996 $aThe economics of unemployment$92131679 997 $aUNINA LEADER 02611nam 2200589Ia 450 001 9910785798603321 005 20230801224149.0 010 $a1-283-69259-7 010 $a1-84540-352-5 035 $a(CKB)2670000000238865 035 $a(EBL)1015269 035 $a(OCoLC)810317839 035 $a(SSID)ssj0000942667 035 $a(PQKBManifestationID)11505375 035 $a(PQKBTitleCode)TC0000942667 035 $a(PQKBWorkID)10973878 035 $a(PQKB)10108342 035 $a(MiAaPQ)EBC1015269 035 $a(Au-PeEL)EBL1015269 035 $a(CaPaEBR)ebr10597009 035 $a(CaONFJC)MIL400509 035 $a(EXLCZ)992670000000238865 100 $a20120607d2012 uy 0 101 0 $aeng 135 $aur|n|---||||| 181 $ctxt 182 $cc 183 $acr 200 10$aThere is no such thing as a free press$b[electronic resource] $e-- and we need one more than ever /$fby Mick Hume 210 $aExeter $cImprint Academic$d2012 215 $a1 online resource (202 p.) 225 0 $aSocietas 300 $aDescription based upon print version of record. 311 $a1-84540-350-9 320 $aIncludes bibliographical references. 327 $aCover; Contents; Front matter; Title page; Copyright page; Dedication; Preface; Body matter; 1: "I Believe in a Free Press, But..."; 2: Whose Ethics Are They Anyway?; 3: Fear and Loathing of the Popular; 4: Why Blame "the Meejah"?; 5: Here is the News: Journalism as Narcissism; 6: Leveson's Mission - Purging the Press; 7: Manifesto for a Free Press; Back matter; Other titles available from Imprint Academic and Andrews UK 330 $aThe aim of this book is to a launch a polemic for the freedom of the press against all of the attempts to police, defile and sanitise journalism today. Once the media reported the news. Now it makes it. From the phone-hacking scandal to rows about press regulation, super-injunctions, leaks, libel and privacy laws, the power of the Murdoch empire, and the future of the BBC, the media has become the story. The British press is in crisis and under scrutiny as never before. In the fall-out from ... 410 0$aSocietas 606 $aFreedom of the press$zGreat Britain 606 $aJournalism$zGreat Britain 615 0$aFreedom of the press 615 0$aJournalism 676 $a303.376 676 $a342.7308 700 $aHume$b Mick$01190844 801 0$bMiAaPQ 801 1$bMiAaPQ 801 2$bMiAaPQ 906 $aBOOK 912 $a9910785798603321 996 $aThere is no such thing as a free press$93736944 997 $aUNINA